01843cam a2200445 a 450000100100000000500170001000800410002702000150006804000180008308200210010124501230012226000600024530000210030544000280032650400730035465000300042765000390045765000210049660000820051770000320059970000270063170000330065870000220069170000260071370000270073970000250076670000330079170000390082470000310086370000270089470000380092170000330095970000240099270000270101670000520104391000340109595201240112995201290125399900150138200000284520241009115416.0951002s1995 ve 001 0 spa  a980010769X aDO-SdBNPcDLC a801.953bG166czC00aCanaima ante la crítica /cGustavo Luis Carrera ...[et al.] ; selección y prólogo Lyll Barceló Sifontes-Abreu. aCaracas :bMonte Avila Editores Latinoamericana,c1995. a260 p. ;c20 cm. 0aAnte la crítica99003 aIncluye referencias bibliográficas y notas al pie de las páginas 4aCrítica literaria93141 4aNovelaxHistoria y crítica99004 0aLiteratura9343910aGALLEGOS, RÓMULO,d1884-1969.xCRÍTICA E INTERPRETRACIÓNtCANAIMA990051 aCarrera, Gustavo Luis990061 aLundkvist, Artur990071 aDamboriena S. J, Angel990081 aRoss, Waldo990091 aAraujo, Orlando990101 aMiliani, Domingo951691 aGregorio, Juan990111 aSánchez, Rodríguez990121 aSanoja Hernández, Je sús990131 aOctavio Bedoya, Luis990141 aMujica, Héctor990151 aRodríguez, Manuel Alfredo990161 aRojas Guardia, Armando990171 aLiscano, Juan990181 aSubero, Efraín990191 aBarceló Sifontes-Abreu, Lyll ;epról.99020 aCatalogación por copia / LC 001052708MOaGRbGRcHDd2009-07-03iLF1l0o801.953 G166czCp2845-10r2020-06-25w2020-06-25y2ZPréstamo interno 001053728MOaGRbGRcHDd2009-07-03iLF1l0o801.953 G166czCp2845-20r2020-06-25te.2w2020-06-25y2ZPréstamo interno c2679d2679